000 00955nam a22002657a 4500
003 OSt
005 20230412100445.0
008 160620b xxu||||| |||| 00| 0 eng d
010 _a 98011788
020 _a0785271848 (hardcover)
040 _aMMU
_cMMU
_dMMU
_beng
050 0 0 _aBV4501.2
_b.G7245 1998
082 0 0 _a248.4
_221
100 1 _aGraham, Franklin,
_d1952-
245 1 0 _aLiving beyond the limits :
_ba life in sync with God /
_cFranklin Graham.
260 _aNashville, Tenn. :
_bT. Nelson,
_cc1998.
300 _axv, 216 p. :
_bill. ;
_c24 cm.
600 1 0 _aGraham, Franklin,
_d1952-
650 0 _aChristian life.
650 0 _aChristian biography.
856 4 2 _3Publisher description
_uhttp://www.loc.gov/catdir/enhancements/fy0609/98011788-d.html
906 _a7
_bcbc
_corignew
_d1
_eocip
_f19
_gy-gencatlg
942 _2lcc
_cLOAN LOAN
999 _c17583
_d17583